[Event "GER-ch Seniors"]
[Site "Dresden"]
[Date "2012.08.17"]
[Round "9"]
[White "Schiessl, Werner"]
[Black "Lorenz, Dietmar"]
[Result "1-0"]
[WhiteElo "1758"]
[BlackElo "2019"]
[PlyCount "37"]
[EventDate "2012.08.09"]
[EventType "swiss"]
[EventRounds "9"]
[EventCountry "GER"]
[SourceTitle "EXT 2014"]
[Source "ChessBase"]
[SourceDate "2013.11.20"]
[SourceVersion "1"]
[SourceVersionDate "2013.11.20"]
[SourceQuality "1"]

1. d4 d5 2. Nc3 c6 3. e4 dxe4 4. Nxe4 Bf5 5. Ng3 Bg6 6. Nf3 Nd7 7. Nh4 e6 8. Nxg6 hxg6 9. Bd3 Nb6 10. c3 Bd6 11. Ne4 Bc7 12. Qf3 Qe7 13. Bg5 f6 14. Be3 0-0-0 15. Nc5 f5 16. g3 e5 17. Qe2 e4 18. Ba6 bxa6 19. Qxa6+ 1-0

[Event "GER-ch Seniors"]
[Site "Dresden"]
[Date "2012.08.09"]
[Round "1"]
[White "Lorenz, Dietmar"]
[Black "Foerster, Jonas"]
[Result "1-0"]
[WhiteElo "2019"]
[BlackElo "1758"]
[PlyCount "93"]
[EventDate "2012.08.09"]
[EventType "swiss"]
[EventRounds "9"]
[EventCountry "GER"]
[SourceTitle "EXT 2014"]
[Source "ChessBase"]
[SourceDate "2013.11.20"]
[SourceVersion "1"]
[SourceVersionDate "2013.11.20"]
[SourceQuality "1"]

1. Nf3 d5 2. c4 e6 3. g3 Nf6 4. Bg2 Nbd7 5. Qc2 dxc4 6. Qxc4 Nb6 7. Qc2 Bd7 8. Ne5 c6 9. 0-0 Bd6 10. d4 Qc7 11. Nxd7 Nbxd7 12. Nc3 0-0 13. Rd1 Nd5 14. e4 Nxc3 15. bxc3 Nb6 16. c4 Be7 17. Bf4 Qd8 18. c5 Nd7 19. Rab1 b6 20. cxb6 axb6 21. Rd2 Bg5 22. Bxg5 Qxg5 23. e5 Rfc8 24. f4 Qd8 25. f5 exf5 26. Qxf5 Ra5 27. Rf2 Qe7 28. Rc1 c5 29. Bd5 Rf8 30. e6 Nf6 31. exf7+ Kh8 32. dxc5 Rxc5 33. Rxc5 Qxc5 34. Bb3 Qc1+ 35. Rf1 Qe3+ 36. Qf2 Qxf2+ 37. Rxf2 Ne4 38. Rf4 Nd6 39. Rd4 Nc8 40. Rd7 g6 41. Rb7 Kg7 42. a4 Nd6 43. Rxb6 Nxf7 44. Rb7 Kf6 45. Rxf7+ Rxf7 46. Bxf7 Kxf7 47. a5 1-0

[Event "Bad Woerishofen Seniors op 28th"]
[Site "Bad Woerishofen"]
[Date "2012.03.09"]
[Round "8.24"]
[White "Lorenz, Dietmar"]
[Black "Eigenmann, Christina"]
[Result "1-0"]
[WhiteElo "1788"]
[BlackElo "1726"]
[PlyCount "69"]
[EventDate "2012.03.02"]
[EventType "swiss"]
[EventRounds "9"]
[EventCountry "GER"]
[SourceTitle "EXT 2022"]
[Source "ChessBase"]
[SourceDate "2021.10.06"]
[SourceVersion "1"]
[SourceVersionDate "2021.10.06"]
[SourceQuality "1"]

1. Nf3 d5 2. c4 e6 3. g3 Nf6 4. Bg2 c6 5. 0-0 Nbd7 6. Qc2 g6 7. d4 Bg7 8. b3 0-0 9. Nc3 dxc4 10. bxc4 Nb6 11. c5 Nbd5 12. Rd1 Nxc3 13. Qxc3 Ne4 14. Qd3 Nxc5 15. Qc2 Nd7 16. Bg5 Qe8 17. Rab1 Nf6 18. e4 b6 19. Ne5 Bb7 20. Nc4 Rd8 21. e5 Nd5 22. Bxd8 Qxd8 23. a4 Qc7 24. Ne3 Ne7 25. a5 b5 26. Rxb5 Rc8 27. Rc5 Ba6 28. Bf1 Bxf1 29. Kxf1 Bf8 30. Rc1 Qb7 31. Rb1 Qa6+ 32. Qc4 Qxc4+ 33. Rxc4 Rc7 34. a6 Nc8 35. Rb7 1-0

[Event "Bad Woerishofen Seniors op 28th"]
[Site "Bad Woerishofen"]
[Date "2012.03.06"]
[Round "5.23"]
[White "Kreie, Guenther"]
[Black "Lorenz, Dietmar"]
[Result "1/2-1/2"]
[WhiteElo "1754"]
[BlackElo "1788"]
[PlyCount "80"]
[EventDate "2012.03.02"]
[EventType "swiss"]
[EventRounds "9"]
[EventCountry "GER"]
[SourceTitle "EXT 2022"]
[Source "ChessBase"]
[SourceDate "2021.10.06"]
[SourceVersion "1"]
[SourceVersionDate "2021.10.06"]
[SourceQuality "1"]

1. e4 c6 2. d4 d5 3. exd5 cxd5 4. c4 Nf6 5. Nc3 g6 6. cxd5 Nxd5 7. Bc4 Nb6 8. Bb3 Bg7 9. Nf3 0-0 10. 0-0 Nc6 11. d5 Na5 12. Bc2 Bxc3 13. bxc3 Qxd5 14. Ba3 Re8 15. Re1 Qxd1 16. Raxd1 e6 17. Ne5 f6 18. Ng4 Kg7 19. Ne3 Bd7 20. c4 Rad8 21. c5 Nbc4 22. Bb4 Bc8 23. Ba4 Nxe3 24. Bxa5 Rxd1 25. Rxd1 Nxd1 26. Bxe8 Nb2 27. Bb5 a6 28. Be2 Bd7 29. f4 Kf7 30. Kf2 Bb5 31. Bf3 Bc6 32. Be2 Bd5 33. a3 Nc4 34. Bb4 e5 35. g3 e4 36. Bxc4 Bxc4 37. g4 Ke6 38. Ke3 Bd5 39. Kd4 Bc6 40. Bd2 Bd5 1/2-1/2

[Event "Bad Woerishofen Seniors op 28th"]
[Site "Bad Woerishofen"]
[Date "2012.03.02"]
[Round "1.32"]
[White "Papa, Heiner"]
[Black "Lorenz, Dietmar"]
[Result "1/2-1/2"]
[WhiteElo "1783"]
[BlackElo "1788"]
[PlyCount "55"]
[EventDate "2012.03.02"]
[EventType "swiss"]
[EventRounds "9"]
[EventCountry "GER"]
[SourceTitle "EXT 2022"]
[Source "ChessBase"]
[SourceDate "2021.10.06"]
[SourceVersion "1"]
[SourceVersionDate "2021.10.06"]
[SourceQuality "1"]

1. e4 c6 2. d4 d5 3. exd5 cxd5 4. Nc3 Nf6 5. Nf3 Bg4 6. h3 Bh5 7. Be3 Nc6 8. g4 Bg6 9. Ne5 Ne4 10. f4 Nxc3 11. bxc3 Be4 12. Rg1 e6 13. Bd3 Qh4+ 14. Bf2 Qxh3 15. Rb1 Nxe5 16. fxe5 Rb8 17. Qd2 Bxd3 18. cxd3 Be7 19. Ke2 Qh6 20. Qxh6 gxh6 21. Be3 Bg5 22. c4 Bxe3 23. Kxe3 dxc4 24. dxc4 Rg8 25. a4 b6 26. a5 Ke7 27. axb6 axb6 28. Rbf1 1/2-1/2

[Event "Dortmund op-A"]
[Site "Dortmund"]
[Date "2003.08.02"]
[Round "2"]
[White "Lorenz, Dietmar"]
[Black "Fiebig, Thomas"]
[Result "0-1"]
[WhiteElo "2088"]
[BlackElo "2255"]
[PlyCount "82"]
[EventDate "2003.08.01"]
[EventType "swiss"]
[EventRounds "9"]
[EventCountry "GER"]
[SourceTitle "CBM 095 Extra"]
[Source "ChessBase"]
[SourceDate "2003.09.04"]
[SourceVersion "1"]
[SourceVersionDate "2003.09.04"]
[SourceQuality "1"]

1. Nf3 d5 2. c4 e6 3. g3 Nf6 4. Bg2 Be7 5. 0-0 0-0 6. d4 dxc4 7. Ne5 Nc6 8. Bxc6 bxc6 9. Nxc6 Qe8 10. Nxe7+ Qxe7 11. Qa4 a5 12. Qxc4 Ba6 13. Qc2 Rfd8 14. Be3 Nd5 15. Nc3 Nxe3 16. fxe3 c5 17. Rad1 Rac8 18. Qe4 Rb8 19. b3 cxd4 20. exd4 Rbc8 21. Na4 Bb7 22. Qd3 Qg5 23. Nb6 Rc7 24. Nc4 Rcd7 25. Rf4 f6 26. Nb6 Rc7 27. Nc4 h5 28. e4 Rcd7 29. e5 fxe5 30. h4 Qh6 31. Nxe5 Rc7 32. Qg6 Qxg6 33. Nxg6 Rc3 34. g4 hxg4 35. Re1 g3 36. Re5 Rc1+ 37. Rf1 Rxf1+ 38. Kxf1 Rxd4 39. Rg5 g2+ 40. Kg1 Rd1+ 41. Kf2 Rf1+ 0-1